000 00469nam a2200181Ia 4500
003 GCL
008 140319s9999 xx 000 0 eng d
040 _aGCL /
_cGCL
082 0 4 _a320.01
_bB I
100 1 _aBOOTH, KEN
245 1 0 _aINTERNATIONAL RELATIONS THEORY TODAY /
_cBOOTH, KEN
700 1 _aSMITH, STERE
260 _a[S.N] :
_bPOLITY PRESS ،
_c1995
300 _a367
650 0 4 _aINTERNATIONAL RELATIONS
650 0 4 _aPOLICY SCIENCES
942 _2ddc
_cBK
999 _c10767
_d10767